Goat in the garden / (Record no. 6033)

MARC details
000 -LEADER
fixed length control field 01131pam a2200361 a 4500
001 - CONTROL NUMBER
control field 6033
003 - CONTROL NUMBER IDENTIFIER
control field FISKH
005 - DATE AND TIME OF LATEST TRANSACTION
control field 20250226083808.0
008 - FIXED-LENGTH DATA ELEMENTS--GENERAL INFORMATION
fixed length control field 950919s1996 nyua j 000 1 eng
010 ## - LIBRARY OF CONGRESS CONTROL NUMBER
LC control number 95042936
020 ## - INTERNATIONAL STANDARD BOOK NUMBER
International Standard Book Number 0812096622
020 ## - INTERNATIONAL STANDARD BOOK NUMBER
International Standard Book Number 9780340607732
040 ## - CATALOGING SOURCE
Original cataloging agency DLC
Transcribing agency DLC
Modifying agency DLC
Language of cataloging eng
050 ## - LIBRARY OF CONGRESS CALL NUMBER
Classification number PZ7.B1405
082 ## - DEWEY DECIMAL CLASSIFICATION NUMBER
Classification number 823.914
100 1# - MAIN ENTRY--PERSONAL NAME
Personal name Daniels, Lucy
Dates associated with a name (1958-)
245 10 - TITLE STATEMENT
Title Goat in the garden /
Statement of responsibility, etc. Lucy Daniels ; illustrations by Shelagh McNicholas.
250 ## - EDITION STATEMENT
Edition statement This edition first published in 1994
260 ## - PUBLICATION, DISTRIBUTION, ETC.
Place of publication, distribution, etc. London :
Name of publisher, distributor, etc. Hodder Headline,
Date of publication, distribution, etc. 1994.
300 ## - PHYSICAL DESCRIPTION
Extent 154 pages :
Other physical details illustrations ;
Dimensions 20 cm.
490 1# - SERIES STATEMENT
Series statement Animal Ark series ;
Volume/sequential designation 4
505 ## - FORMATTED CONTENTS NOTE
Formatted contents note P<br/>
520 ## - SUMMARY, ETC.
Summary, etc. Houdini the goat gets in big trouble, and Mandy and James vow to save him.
521 8# - TARGET AUDIENCE NOTE
Target audience note 630<br/>
Source Lexile<br/>
521 8# - TARGET AUDIENCE NOTE
Target audience note P<br/>
Source Raz-Plus<br/>
650 #1 - SUBJECT ADDED ENTRY--TOPICAL TERM
Topical term or geographic name entry element Goats
General subdivision Fiction.
650 #1 - SUBJECT ADDED ENTRY--TOPICAL TERM
Topical term or geographic name entry element Animal Ark
General subdivision Profession-farmers
700 1# - ADDED ENTRY--PERSONAL NAME
Personal name McNicholas, Shelagh
Relator term illustrator
800 1# - SERIES ADDED ENTRY--PERSONAL NAME
Personal name Daniels, Lucy.
Title of a work Animal Ark series ;
Volume/sequential designation 4.
906 ## - LOCAL DATA ELEMENT F, LDF (RLIN)
a 7
b cbc
c orignew
d 1
e ocip
f 19
g y-gencatlg
942 ## - ADDED ENTRY ELEMENTS (KOHA)
Source of classification or shelving scheme Dewey Decimal Classification
Koha item type Books
Suppress in OPAC No
Holdings
Withdrawn status Lost status Source of classification or shelving scheme Damaged status Not for loan Collection Home library Current library Shelving location Date acquired Total Checkouts Full call number Barcode Date last seen Copy number Price effective from Koha item type
    Dewey Decimal Classification     Juvenile Fiction Footprints International School Library Network Toul Kork Campus Footprints International School Library Network Toul Kork Campus TTP Primary Yellow Bookshelves 02/26/2025   DAN 823.914 PZ7.B1405 2025-0681 02/26/2025 1 02/26/2025 Books